00728nam a2200205 a 450000100060000000300080000600500170001400800410003103500190007204000270009104100080011808200270012624500730015326001320022630000280035850400410038665100290042765100330045670000330048926705BD-RjUL20211209051044.0140323s1960 enkabbj b 000 0 eng d a(BD-RjUL)26775 aDLCcOCPdBD-RjULbeng aeng00a954.8bEAR Pt-1-6 196004aThe early history of the Deccan /cedited by G. Yazdani.nParts I-VI aLondon ;aNew York :bPublished under the authority of the Government of Andhra Pradesh by the Oxford University Press,cc1960. axviii, 468 p, ;c25 cm. aIncludes bibliographical references. 0aDeccan (India)xHistory. 0aDeccan (India)xAntiquities.1 aYazdani, Ghulam,d1885-1962.